О П-м Доме ЦИК СССР

Доступно только в Электронных читальных залах Найти на картеНа карте
RUSMARC
00004056nac2a22002893x 450
001e42b0765-136c-4519-88c9-3625413a3ec8
00520221228085023.0
100##$a20221117l19261926k y0rusy50 ca
1010#$arus
$amul
102##$aRU
105##$ay z |||||
1222#$ad19260830
$ad19260911
2001#$aО П-м Доме ЦИК СССР
$j30.08.1926 - 11.09.1926
215##$a44 листа
251##$cДело
300##$aЗаголовок дела на папке: О II-м доме ЦИК СССР
300##$aНа папке дела: 30/8 1926 г. - 11/V 1928 г.
300##$aЧасть текста на языках народов СССР
300##$aОбратная нумерация с 41 по 1
300##$aЧасть текста машинописная и рукописная, часть - напечатана типографским способом
461#0$1001796d4672-8a00-4986-b488-6e42273792cc
$12001
$aЦЕНТРАЛЬНЫЙ ИСПОЛНИТЕЛЬНЫЙ КОМИТЕТ СССР (ЦИК СССР).
$1251
$cФонд
$1852
$gР
$j3316
462#0$1001e365b2fb-f374-4764-a068-dc9012f0aaee
$12001
$aДела Секретариата Президиума ЦИК Союза ССР за 1926 г.
$vД. 792
$1251
$cОпись
$1852
$j19
5171#$aО II-м доме ЦИК СССР
60101$3RU\NLR\AUTH\880357276
$aСССР
$bЦИК
801#0$aRU
$bGA_RF
801#1$aRU
$bГлавНИВЦ
$c20221117
$2rusmarc
801#2$aRU
$bПБ им. Б.Н. Ельцина
$c20221228
$gRCR
$2rusmarc
852##$aГА РФ
$j792
937##$d181817229
$hГАРФ
035##$aRuPRLIB51070219
856##$uhttp://readingroom.main.prlib.ru/item.aspx?id_node=n181817229&mode=full
Формат отображения